Who goes here?/ (Record no. 50837)

000 -LEADER
fixed length control field 00355nam a22001571a 4500
020 ## - INTERNATIONAL STANDARD BOOK NUMBER
ISBN 9780575056787
082 ## - DEWEY DECIMAL CLASSIFICATION NUMBER
Classification number 823
Item number BOB/W
100 ## - MAIN ENTRY--AUTHOR NAME
Personal name Bob Shaw
245 ## - TITLE STATEMENT
Title Who goes here?/
Statement of responsibility, etc by Bob Shaw
260 ## - PUBLICATION, DISTRIBUTION, ETC. (IMPRINT)
Place of publication London:
Name of publisher VGSF,
Year of publication 1988.
300 ## - PHYSICAL DESCRIPTION
Number of Pages 219p.
650 ## - SUBJECT ADDED ENTRY--TOPICAL TERM
Topical Term Novel English
650 ## - SUBJECT ADDED ENTRY--TOPICAL TERM
Topical Term Literature English
650 ## - SUBJECT ADDED ENTRY--TOPICAL TERM
Topical Term Literature
942 ## - ADDED ENTRY ELEMENTS (KOHA)
Koha item type Book
Holdings
Withdrawn status Lost status Damaged status Not for loan Permanent Location Current Location Date acquired Cost, normal purchase price Full call number Accession Number Cost, replacement price Price effective from Koha item type
        Sree Sankaracharya University of Sanskrit Sree Sankaracharya University of Sanskrit 08.01.2015 0.00 823 BOB/W 040690 0.00 08.01.2015 Book